Countries With Exactly 3 Vowels - Statistics

General Stats
  • This quiz has been taken 17 times
    15 since last reset
  • The average score is 36 of 48
Answer Stats
Answers Vowels % Correct
Guyana u,a,a
100%
Botswana o,a,a
91%
Burundi u,u,i
91%
Canada a,a,a
91%
Greece e,e,e
91%
Iceland i,e,a
91%
India i,i,a
91%
Ireland i,e,a
91%
Malawi a,a,i
91%
Monaco o,a,o
91%
Nauru a,u,u
91%
Samoa a,o,a
91%
Uganda u,a,a
91%
Andorra a,o,a
82%
Belarus e,a,u
82%
Belgium e,i,u
82%
Lebanon e,a,o
82%
Mexico e,i,o
82%
Moldova o,o,a
82%
Morocco o,o,o
82%
Palau a,a,u
82%
Vietnam i,e,a
82%
Zambia a,i,a
82%
Barbados a,a,o
73%
Belize e,i,e
73%
Comoros o,o,o
73%
Israel i,a,e
73%
Kuwait u,a,i
73%
Latvia a,i,a
73%
Panama a,a,a
73%
Portugal o,u,a
73%
Russia u,i,a
73%
Senegal e,e,a
73%
Serbia e,i,a
73%
Seychelles e,e,e
73%
Tuvalu u,a,u
73%
Bahrain a,a,i
64%
Brunei u,e,i
64%
Honduras o,u,a
64%
Lesotho e,o,o
64%
Maldives a,i,e
64%
Pakistan a,i,a
64%
Zimbabwe i,a,e
64%
Grenada e,a,a
55%
Sri Lanka i,a,a
55%
Thailand a,i,a
55%
Netherlands e,e,a
45%
Vatican a,i,a
36%
No matching quizzes found
Score Distribution
Percent of People with Each Score
Percentile by Number Answered
Your Score History
You have not taken this quiz since the last reset